Tự học các ngôn ngữ lập trình web phổ biến : PHP; ASP Net; JSP. t.II, Lập trình web động /
Kaydedildi:
| Yazar: | |
|---|---|
| Materyal Türü: | Sách giấy |
| Dil: | Vietnamese |
| Baskı/Yayın Bilgisi: |
H. :
Giao thông Vận tải,
2007.
|
| Konular: | |
| Etiketler: |
Etiketle
Etiket eklenmemiş, İlk siz ekleyin!
|
| Thư viện lưu trữ: | Thư viện Trường Đại học Đà Lạt |
|---|
| LEADER | 00895nam a2200325 4500 | ||
|---|---|---|---|
| 001 | DLU080062345 | ||
| 005 | ##20080401 | ||
| 040 | # | # | |a DLU |b vie |
| 041 | # | # | |a vie |
| 044 | # | # | |a vn |
| 082 | # | # | |a 005.13 |b NG-K |
| 100 | # | # | |a Nguyễn Văn Khoa, |c KS. |
| 245 | # | # | |a Tự học các ngôn ngữ lập trình web phổ biến : |b PHP; ASP Net; JSP. |n t.II, |p Lập trình web động / |c Nguyễn Văn Khoa. |
| 260 | # | # | |a H. : |b Giao thông Vận tải, |c 2007. |
| 300 | # | # | |a 434 tr. : |b minh hoạ ; |c 24 cm. |
| 653 | # | # | |a Ngôn ngữ ASP.NET |
| 653 | # | # | |a Ngôn ngữ HPH |
| 653 | # | # | |a Ngôn ngữ JSP |
| 653 | # | # | |a Ngôn ngữ lập trình |
| 653 | # | # | |a Sách tự học |
| 923 | # | # | |a 02/2008 |
| 992 | # | # | |a 65000 |
| 994 | # | # | |a DLU |
| 900 | # | # | |a True |
| 911 | # | # | |a Đào Thị Thu Huyền |
| 925 | # | # | |a G |
| 926 | # | # | |a A |
| 927 | # | # | |a SH |
| 980 | # | # | |a Thư viện Trường Đại học Đà Lạt |